000 01028nam a2200205Ii 4500
003 JO-AjNU
008 230605s9999||||xx |||||||||||||| ||und||
040 _aJO-AjNU
_bara
_erda
_cJO-AjNU
041 _aara
050 1 4 _aKMM44.5.J67.1991
100 3 _aاعداد المكتب الفني بادارة ابراهيم ابو رحمة ,
_eauthor
_946633
245 0 0 _aالمبادئ القانونية لمحكمة التميز في القضايا الحقوقية المنشورة في مجلة نقابة المحامين منذ بداية سنة 1989 حتى نهاية سنة 1991، الجزء السابع
250 _a(د،ط)
264 3 1 _aعمان : نقابة المحامين ، 1991
300 _aج7، 1458ص
336 _atext
_btxt
_2rdacontent
337 _aunmediated
_bn
_2rdamedia
338 _avolume
_bnc
_2rdacarrier
650 4 _aمحاكم النقض والإبرام -- الأردن -- الأردن. محكمة التمييز -- مجلة نقابة المحاميين (عمان، الأردن)
_946634
999 _aA20302
_c23870
_d23870